000 00961nmm a2200301 a 4500
001 ocm000964907
003 TR-IsHL
005 20201028150643.0
008 150110s2012 tu tur
007 cr cn
020 _a9786054156566
035 _a964907
_b(N$T)
050 0 4 _aPL248.T968
_bB456 2012
090 0 4 _aPL248.T968
_bB456 2012
100 1 _aTuzcuoğlu, Müge
245 1 0 _aBen bir taşım
_h[electronic resource] /
_cMüge Tuzcuoğlu
250 _a2. bs.
260 _aİstanbul :
_bEvrensel Basım Yayın,
_c2012
300 _a161 p.
650 4 _aDil ve Edebiyat
650 4 _aLanguage and Literature
650 0 _aTürk edebiyatı
_xRöportajlar
650 0 _aRöportajlar, Türk
650 0 _aTurkish literature
_xInterviews
650 0 _aInterviews, Turkey
650 7 _aLITERARY COLLECTIONS / Middle Eastern
_2bisacsh
856 4 0 _uhttp://search.ebscohost.com/login.aspx?direct=true&scope=site&db=e011xww&AN=964907
999 _c10589
_d10589